000 00883nam a2200265Ia 4500
001 21968
005 20260320113329.0
008 260320s9999||||xx |||||||||||||| ||und||
020 _a9786123260866
041 _aESP
082 _a306.09852
_bV62
100 _aVich, Víctor,
_eAUT
245 0 _aPolíticas culturales y ciudadanía :
_bestrategias simbólicas para tomar las calles
246 _a
_5
_b
250 _aPrimera edición
260 _aLima :
_bIEP Instituto de Estudios Peruanos,
_c2021
300 _a165 páginas :
_bfotografías ;
_c21 cm.
_e
440 _a(Arte y sociedad
_n; número 11)
_v
650 _aCIS
653 _aPolítica cultural; Ciudadanía; Cultura y sociedad
654 _aCHU
700 _a
_c
856 _uhttps://0u20jme4p-y-https-www-jstor-org.itmsp.museknowledge.com/
_zVéase además: Base de datos JSTOR
942 _cLIB
_dJUS
_fMAT
_2ddc
_n
999 _c21968
_d21968